[Event "15th HZ Open"]
[Site "Vlissingen NED"]
[Date "2011.08.06"]
[Round "9"]
[White "Duchene,R"]
[Black "Van der Borgt,P"]
[Result "1/2-1/2"]
[WhiteElo "2206"]
[BlackElo "2061"]

1.Nf3 d5 2.c4 c6 3.g3 Nf6 4.Bg2 dxc4 5.O-O Bf5 6.Na3 e6 7.Nxc4 Be7 8.d3 Nbd7
9.b4 O-O 10.Qb3 e5 11.Ne3 Be6 12.Qc2 Nd5 13.a3 a5 14.bxa5 Rxa5 15.d4 exd4
16.Nxd4 Nxe3 17.Bxe3 Bd5 18.Bxd5 Rxd5 19.Rab1 Bc5 20.Rfd1 Qf6 21.Qe4 Bxa3
22.Nc2 Qd6 23.Rxd5 cxd5 24.Qa4 Bc5 25.Rxb7 Nf6 26.Qb3 h6 27.Bxc5 Qxc5 28.Ne3 Qc1+
29.Qd1 Qxd1+ 30.Nxd1 Re8  1/2-1/2

[Event "ZMDI GER-UKR"]
[Site "Dresden GER"]
[Date "2011.08.07"]
[Round "1"]
[White "Vasilevich,T"]
[Black "Levushkina,E"]
[Result "1/2-1/2"]
[WhiteElo "2417"]
[BlackElo "2322"]

1.Nf3 d5 2.c4 d4 3.g3 Nc6 4.Bg2 e5 5.d3 Nf6 6.O-O Bc5 7.b4 Bxb4 8.Nxe5 Nxe5
9.Qa4+ Nc6 10.Bxc6+ bxc6 11.Qxb4 Nd7 12.Nd2 c5 13.Qa5 O-O 14.Ne4 Bb7 15.Nxc5 Nxc5
16.Qxc5 Qd7 17.Rb1 Bc6 18.Bb2 Rfe8 19.Rbe1 Rad8 20.Bxd4 Re6 21.Bc3 Rde8 22.d4 Rxe2
23.Rxe2 Rxe2 24.d5 Ba4 25.Qxa7 f6 26.Re1 Rxa2 27.Bb4 h6 28.Qd4 Qf5 29.Ba5 c6
30.Bc7 cxd5 31.Qxd5+ Qxd5 32.cxd5 Rd2 33.d6 Bc6 34.Rc1 Bf3 35.Kf1 Kf7 36.Re1 g5
37.Kg1  1/2-1/2

[Event "Politiken Cup"]
[Site "Helsingor DEN"]
[Date "2011.08.07"]
[Round "10.20"]
[White "Teplyi,I"]
[Black "Andersen,Mo"]
[Result "1-0"]
[WhiteElo "2393"]
[BlackElo "2172"]

1.Nf3 d5 2.c4 Nf6 3.cxd5 Nxd5 4.d4 g6 5.e4 Nb6 6.h3 Bg7 7.Nc3 Nc6 8.Bb5 O-O
9.Bxc6 bxc6 10.O-O Qd6 11.b3 Rd8 12.Qc2 f5 13.e5 Qd7 14.Ba3 e6 15.Bc5 Ba6
16.Rfe1 Bh6 17.h4 Kh8 18.Rad1 Rg8 19.Ba3 Bg7 20.Ne2 Nd5 21.Nc3 Nb6 22.Qc1 h6
23.Qf4 Kh7 24.Qd2 Rad8 25.Bc5 Rh8 26.Rc1 Kg8 27.Ne2 Bxe2 28.Rxe2 Kf7 29.Qc2 Nd5
30.Ba3 g5 31.Qxc6 gxh4 32.Nxh4 Qxc6 33.Rxc6 h5 34.Rec2 Rhe8 35.g3 Rd7 36.Ra6 f4
37.Rxa7 fxg3 38.fxg3 Bh6 39.Bc1 Bxc1 40.Rxc1 Rg8 41.Kf2 Rg4 42.Nf3 Kg6 43.Ra6 Kf5
44.Ra8 Rf7 45.Rh8 Ke4 46.Re1+ Kd3 47.Rxh5 Nc3 48.Re3+ Kc2 49.Rh2 Nxa2 50.Kg1+ Kb1
51.Nd2+ Kc1 52.Ne4 Kb1 53.Re1+  1-0

[Event "1st Radzikowskiej Mem"]
[Site "Warsaw POL"]
[Date "2011.08.07"]
[Round "2"]
[White "Rajlich,I"]
[Black "Foisor,M"]
[Result "1-0"]
[WhiteElo "2436"]
[BlackElo "2217"]

1.Nf3 d5 2.c4 e6 3.d4 dxc4 4.Qa4+ Nd7 5.g3 a6 6.Qxc4 Ngf6 7.Bg2 b5 8.Qc6 Rb8
9.Bf4 Nd5 10.Bg5 Be7 11.Qc1 Bb7 12.a3 Rc8 13.b4 a5 14.e4 N5f6 15.Nfd2 h6
16.Be3 axb4 17.axb4 Bxb4 18.Qb2 Qe7 19.O-O Ra8 20.Rxa8+ Bxa8 21.Nc3 c6 22.e5 Bxc3
23.Qxc3 Nd5 24.Bxd5 exd5 25.f4 f5 26.Ra1 O-O 27.Ra7 Rb8 28.Nb3 b4 29.Qc2 Qe6
30.Qa2 Bb7 31.Qa5 c5 32.Qc7 c4 33.Nc5 Qb6 34.Qxd7 Qxa7 35.Ne6 Qa1+ 36.Kg2  1-0

[Event "Arad Open A"]
[Site "Arad ROU"]
[Date "2011.08.08"]
[Round "5"]
[White "Dobre,ClC"]
[Black "Murariu,A"]
[Result "0-1"]
[WhiteElo "2353"]
[BlackElo "2499"]

1.Nf3 d5 2.c4 c6 3.g3 Bg4 4.Bg2 e6 5.O-O Nd7 6.cxd5 exd5 7.d3 Bd6 8.Nc3 Ne7
9.Qc2 O-O 10.e4 Rc8 11.h3 Bh5 12.Bd2 Nc5 13.Rad1 Ne6 14.Ne2 c5 15.g4 Bg6
16.Nh4 Nc6 17.Nf3 c4 18.Bc3 cxd3 19.Qxd3 Bxe4 20.Qd2 Bb8 21.Ng3 Qb6 22.Bd4 Ncxd4
23.Nxd4 Bf4 24.Nxe6 Bxd2 25.Nxf8 Bxg2 26.Kxg2 Rc2  0-1

[Event "20th Poznan Open"]
[Site "Poznan POL"]
[Date "2011.08.08"]
[Round "3.13"]
[White "Kowalewicz,K"]
[Black "Wesolowski,E"]
[Result "1-0"]
[WhiteElo "1667"]
[BlackElo "1983"]

1.Nf3 d5 2.c4 e6 3.d3 Nc6 4.b3 Nf6 5.Nbd2 Bd6 6.g3 O-O 7.Bg2 b6 8.O-O Bb7
9.Re1 e5 10.e4 d4 11.Nh4 Ne8 12.Nf5 Bc5 13.Nf1 Nd6 14.Qg4 Nxf5 15.exf5 f6
16.Bd5+ Kh8 17.a3 a5 18.Qh4 Qe8 19.Re4 Rf7 20.Bxf7 Qxf7 21.Re1 Re8 22.Nd2 Nb8
23.Ne4 Nd7 24.Bd2 Qf8 25.Bc1 Be7 26.a4 Bxe4 27.Qxe4 Nc5 28.Qe2 Nxb3 29.Rb1 Nxc1
30.Rbxc1 Bb4 31.Red1 Qd6 32.Qe4 Rd8 33.Ra1 Kg8 34.h4 Kf7 35.g4 h6 36.Kg2 Qe7
37.Ra2 Qd6 38.Re2 Bc3 39.f4 exf4 40.Kf3 Bb4 41.Qe6+ Kf8 42.Re4 Qxe6 43.fxe6 g5
44.hxg5 hxg5 45.Rh1 Kg7 46.e7 Re8 47.Rxd4 Rxe7 48.Re4 Rd7 49.d4 Ba3 50.d5 Bd6
51.Ree1 Bf8 52.Re6 Bd6 53.Ke4 Kg6 54.Rh8 Be5 55.Rg8+ Kf7 56.Ree8 Bc3 57.Ref8+ Ke7
58.Rg7+ Kd6 59.Rxd7+ Kxd7 60.Kd3 Be5 61.c5 Bb2 62.Rf7+ Kc8 63.cxb6 cxb6 64.d6 Be5
65.d7+ Kd8 66.Ke4 Kc7 67.Kd5 f3 68.Ke6 f2 69.Rf8 f1=Q 70.d8=Q+ Kc6 71.Qd5+ Kc7
72.Rf7+ Kc8 73.Qb7+ Kd8 74.Qd7+  1-0

[Event "Rostov Women GP"]
[Site "Rostov-on-Don RUS"]
[Date "2011.08.08"]
[Round "6"]
[White "Lahno,Kateri"]
[Black "Kovalevskaya,E"]
[Result "1/2-1/2"]
[WhiteElo "2536"]
[BlackElo "2427"]

1.Nf3 d5 2.c4 e6 3.d4 c5 4.cxd5 exd5 5.g3 Nc6 6.Bg2 cxd4 7.Nxd4 Qb6 8.Nxc6 bxc6
9.Nc3 Nf6 10.O-O Be7 11.b3 O-O 12.Bb2 Bf5 13.Rc1 Rac8 14.Na4 Qb5 15.Qd4 c5
16.Qe5 Qd7 17.e4 Bxe4 18.Bxe4 dxe4 19.Nxc5 Bxc5 20.Rxc5 Qh3 21.Rxc8 Rxc8
22.Rd1 h6 23.Rd2 Re8 24.Qb5 Rc8 25.Qe5 Re8 26.Qb5 Rc8 27.Qe5  1/2-1/2

[Event "ch-SLO w 2011"]
[Site "Ljubljana SLO"]
[Date "2011.08.09"]
[Round "4"]
[White "Novak,Ks"]
[Black "Orehek,S"]
[Result "1-0"]
[WhiteElo "2117"]
[BlackElo "2047"]

1.Nf3 d5 2.c4 c6 3.g3 Nf6 4.b3 Bf5 5.Bg2 e6 6.O-O h6 7.Bb2 Be7 8.d3 O-O 9.Nbd2 Bh7
10.a3 a5 11.Ra2 Nbd7 12.Qa1 Qb6 13.Bc3 c5 14.cxd5 exd5 15.Ne5 Rfd8 16.Nxd7 Rxd7
17.Bh3 Rdd8 18.Rc1 d4 19.Nc4 Qc7 20.Bd2 b5 21.Bf4 Qa7 22.Ne5 Qa6 23.Bg2 Nd5
24.Qb2 Qf6 25.Bxd5 Rxd5 26.Nf3 Rc8 27.a4 g5 28.Bd2 b4 29.Qc2 Rf5 30.Be1 Bg6
31.Nd2 Qe6 32.Nc4 Bd8 33.e4 dxe3 34.fxe3 Qd7 35.e4 Rf3 36.Rd1 Bxe4 37.dxe4 Qh3
38.Bf2 Rc3 39.Qb1 Bc7 40.e5 h5 41.Rad2 Re8 42.Bxc5 Bxe5 43.Nxe5 Rxc5 44.Nxf7 Kxf7
45.Qh7+ Kf6 46.Rf1+ Rf5 47.Rxf5+ Qxf5 48.Rf2  1-0

[Event "Arad Open A"]
[Site "Arad ROU"]
[Date "2011.08.10"]
[Round "8.8"]
[White "Sgircea,S"]
[Black "Dobre,ClC"]
[Result "1/2-1/2"]
[WhiteElo "2224"]
[BlackElo "2353"]

1.Nf3 d5 2.c4 c6 3.e3 Nf6 4.Nc3 Bg4 5.cxd5 Nxd5 6.d4 e6 7.Be2 Nd7 8.e4 N5b6
9.O-O Be7 10.Bf4 O-O 11.Qb3 Rc8 12.Rfd1 Re8 13.h3 Bxf3 14.Bxf3 Bf8 15.a4 a5
16.Be3 Bb4 17.d5 exd5 18.exd5 c5 19.Bg4 c4 20.Qc2 Bc5 21.Bxc5 Rxc5 22.Ne4 Rxd5
23.Nd6 Re7 24.Bf3 Rxd1+ 25.Rxd1 Qc7 26.Nxb7 g6 27.Nxa5 Ne5 28.Be2 Qc5 29.Nb3 Qb4
30.Nd2 Nxa4 31.Nxc4 Nxc4 32.Qxc4  1/2-1/2

[Event "Sakkozo Magyarok World Meeting"]
[Site "Lakitelek HUN"]
[Date "2011.08.10"]
[Round "6.2"]
[White "Szabo,At1"]
[Black "Dolnik,A"]
[Result "1/2-1/2"]
[WhiteElo "2283"]
[BlackElo "2169"]

1.Nf3 d5 2.c4 c6 3.b3 Nf6 4.Bb2 Bg4 5.e3 Nbd7 6.h3 Bh5 7.Be2 e6 8.O-O Bd6
9.d4 Ne4 10.Nbd2 f5  1/2-1/2

[Event "1st Radzikowskiej Mem"]
[Site "Warsaw POL"]
[Date "2011.08.10"]
[Round "6"]
[White "Rajlich,I"]
[Black "Leks,M"]
[Result "1-0"]
[WhiteElo "2436"]
[BlackElo "2082"]

1.Nf3 d5 2.c4 dxc4 3.Qa4+ c6 4.Qxc4 Nf6 5.d4 e6 6.Bg5 b5 7.Qc2 Bb7 8.e4 Be7
9.Nc3 h6 10.Bxf6 Bxf6 11.e5 Be7 12.Bd3 Na6 13.Qe2 Nb4 14.Be4 a6 15.O-O Qb6
16.Rac1 O-O 17.h4 c5 18.Bxb7 Qxb7 19.dxc5 Bxc5 20.a3 Nc6 21.Nxb5 Bxf2+ 22.Rxf2 axb5
23.Qe4 Na5 24.Qxb7 Nxb7 25.Nd4 Rac8 26.Rxc8 Rxc8 27.b4 Rd8 28.Nxb5 Rd5 29.Nc3 Rxe5
30.Rd2 Re1+ 31.Kf2 Rc1 32.Nb5 Rc6 33.Rd7 Rb6 34.a4 f6 35.Ke3 Kh7 36.h5 e5
37.g4 Kg8 38.Ke4 Kh8 39.Kf5 Kh7 40.Ke4 Kh8 41.Kd3 Kg8 42.Kc4 Rc6+ 43.Kb3 Rb6
44.Kc4 Rc6+ 45.Kd5 Rb6 46.Rc7 Kf8 47.Rc6 Rxc6 48.Kxc6 Nd8+ 49.Kb6 g6 50.a5 gxh5
51.a6  1-0

[Event "20th ZMDI Open A"]
[Site "Dresden GER"]
[Date "2011.08.11"]
[Round "6.8"]
[White "Gutman,L"]
[Black "Friedel,J"]
[Result "1-0"]
[WhiteElo "2451"]
[BlackElo "2531"]

1.Nf3 d5 2.c4 e6 3.d4 Nf6 4.Nc3 Bb4 5.g3 O-O 6.Bg2 dxc4 7.O-O Nc6 8.Bg5 h6
9.Bxf6 Qxf6 10.e3 Rd8 11.a3 Bxc3 12.bxc3 e5 13.Nd2 b5 14.a4 b4 15.cxb4 exd4
16.Qf3 dxe3 17.Qxf6 gxf6 18.Nxc4 Nxb4 19.Bxa8 Ba6 20.fxe3 Bxc4 21.Rf4 Nc2
22.Rc1 Bb3 23.Be4 Nb4 24.Rb1 Rd1+ 25.Rxd1 Bxd1 26.Bf3 Bxf3 27.Rxb4 a6 28.e4  1-0

[Event "Etapa Recife CBX"]
[Site "Recife BRA"]
[Date "2011.08.11"]
[Round "3"]
[White "Molina,Jo"]
[Black "Asfora,M"]
[Result "0-1"]
[WhiteElo "2187"]
[BlackElo "2227"]

1.Nf3 d5 2.c4 Nf6 3.cxd5 Nxd5 4.Nc3 Nxc3 5.bxc3 g6 6.g3 Bg7 7.Bg2 O-O 8.Rb1 c6
9.O-O Qc7 10.d4 Bf5 11.Rb2 Nd7 12.Bf4 Qc8 13.Re1 Nb6 14.Nd2 Rd8 15.e4 Be6
16.Qb1 h6 17.Be3 g5 18.f4 gxf4 19.gxf4 Bh3 20.f5 Bxg2 21.Kxg2 e5 22.Nf3 exd4
23.Nxd4 Kh8 24.a4 Rg8 25.Qa2 Qe8 26.a5 Qxe4+  0-1

[Event "CECLUB Div2 Gp1"]
[Site "Padron ESP"]
[Date "2011.08.12"]
[Round "4"]
[White "Fernandez Borrego,P"]
[Black "Miton,K"]
[Result "1-0"]
[WhiteElo "2302"]
[BlackElo "2635"]

1.Nf3 d5 2.c4 e6 3.g3 Nf6 4.Bg2 c5 5.cxd5 exd5 6.d4 Nc6 7.Nc3 Be7 8.O-O O-O
9.Bf4 c4 10.Ne5 Bf5 11.g4 Nxg4 12.Nxd5 Ngxe5 13.dxe5 Bc5 14.e4 Bg6 15.Rc1 b5
16.b3 Re8 17.bxc4 b4 18.e6 Rc8 19.exf7+ Bxf7 20.Re1 a5 21.Bg3 Ne5 22.Kh1 Bd6
23.f4 Nxc4 24.e5 Bb8 25.Qd4 Ba7 26.Qe4 Nd6 27.Qd3 Nf5 28.Nf6+ gxf6 29.Qxf5 Rxc1
30.Rxc1 Be6 31.Qh5 fxe5 32.f5 Bf7 33.Qg4+ Kh8 34.Bh4 Qb6 35.h3 Rg8 36.Qe2 h6
37.Qxe5+ Kh7 38.Qe7 Qe3 39.Re1  1-0

[Event "CECLUB Div2 Gp1"]
[Site "Padron ESP"]
[Date "2011.08.12"]
[Round "4"]
[White "Larrosa Vila,Ju"]
[Black "Gonzalez Menendez,I"]
[Result "0-1"]
[WhiteElo "2161"]
[BlackElo "2448"]

1.Nf3 d5 2.c4 e6 3.g3 Nf6 4.Bg2 Be7 5.O-O O-O 6.d4 c6 7.Qc2 b6 8.Rd1 Ba6
9.b3 Nbd7 10.Nbd2 Rc8 11.e4 c5 12.exd5 exd5 13.Bb2 cxd4 14.Nxd4 b5 15.Qf5 bxc4
16.bxc4 g6 17.Qh3 Bxc4 18.Qh6 Ng4 19.Qh3 Nde5 20.Nxc4 Nxc4 21.Qxg4 Nxb2 22.Rd2 Nc4
23.Re2 Bf6 24.Rd1 Nb6 25.h4 h5 26.Qf3 Bg7 27.Qb3 Qd7 28.Red2 Rfd8 29.Qb5 Qxb5
30.Nxb5 a6 31.Nd4 Rc4 32.Rb1 Rxd4  0-1

[Event "e2e4 Int Masters C"]
[Site "Sunningdale ENG"]
[Date "2011.08.12"]
[Round "4"]
[White "Savage,B"]
[Black "Holland,J"]
[Result "1/2-1/2"]
[WhiteElo "2263"]
[BlackElo "2196"]

1.Nf3 d5 2.c4 e6 3.d4 c5 4.cxd5 exd5 5.Bg5 Be7 6.Bxe7 Nxe7 7.dxc5 Qa5+ 8.Nc3 O-O
9.Qd4 Nbc6 10.Qa4 Qxc5 11.e3 Bf5 12.Rd1 a6 13.Rd2 b5 14.Qd1 Rad8 15.Nd4 Be4
16.Bd3 Bxd3 17.Nxc6 Nxc6 18.Rxd3 d4 19.exd4 Rfe8+ 20.Re3 Nxd4 21.O-O Rxe3
22.fxe3 Nc6 23.Qf3 Ne5 24.Qf4 f6 25.Ne4 Qb6 26.b3 Rd3 27.Re1 Qa5 28.Rc1 Qd8
29.Nf2 Rd2 30.Qf5 Kf7 31.Qh5+ Kg8 32.Qf5 g6 33.Qe6+ Kg7 34.Rf1 Rd6 35.Qh3 Qa8
36.Rc1 Rc6 37.Rd1 Rc2 38.Qe6 Qc8 39.Qe7+ Nf7 40.Ne4 Rxg2+ 41.Kxg2 Qg4+ 42.Kf2 Qxd1
43.Qxf6+ Kg8 44.Qc3 Nd6 45.Ng3 Qd5 46.Qf6 Ne4+ 47.Nxe4 Qxe4 48.Qxa6 Qf5+
49.Kg3 Qe5+ 50.Kg2 Qe4+  1/2-1/2

[Event "10th Lichtenberger Sommer"]
[Site "Berlin GER"]
[Date "2011.08.13"]
[Round "1.7"]
[White "Wendt,J"]
[Black "Walter,Gu2 GER"]
[Result "1-0"]
[WhiteElo "2360"]
[BlackElo "1990"]

1.Nf3 d5 2.c4 d4 3.g3 g6 4.b4 Bg7 5.Bb2 e5 6.d3 Ne7 7.Bg2 c6 8.Nbd2 Nd7 9.O-O O-O
10.Qc2 c5 11.bxc5 Nxc5 12.Ba3 Qc7 13.Nb3 Ne6 14.Nfd2 Rd8 15.Rab1 Rb8 16.Rb2 b6
17.Na5 Nc5 18.Ne4 Bd7 19.Rfb1 Ba4 20.Qd2 Nxe4 21.Bxe4 bxa5 22.Rb7 f5 23.Bxe7 Rxb7
24.Rxb7 Qc8 25.Qxa5 fxe4 26.Qxd8+ Qxd8 27.Bxd8 exd3 28.exd3 Bc2 29.Rb3 e4
30.dxe4  1-0

[Event "Sakkozo Magyarok World Meeting"]
[Site "Lakitelek HUN"]
[Date "2011.08.13"]
[Round "8.15"]
[White "Meszaros,Vi"]
[Black "Sebensky,M"]
[Result "1/2-1/2"]
[WhiteElo "1941"]
[BlackElo "1907"]

1.Nf3 d5 2.c4 d4 3.b4 b6 4.g3 Bb7 5.Bg2 c5 6.bxc5 bxc5 7.O-O Nc6 8.d3 e6
9.Nbd2 Bd6 10.Ne4 h6 11.Rb1 Nb4 12.Nxd6+ Qxd6 13.a3 Bxf3 14.Bxf3 Nc6 15.Rb7 Nge7
16.Qa4 O-O 17.Bd2 Ne5 18.Be4 f5 19.Bg2 N7g6 20.f4 Ng4 21.Rfb1 Rfb8 22.h3 Nf6
23.Ba5 Nxf4 24.gxf4 Rxb7 25.Rxb7 Qxf4 26.Rxg7+ Kxg7 27.Bxa8 Qe3+ 28.Kf1 Qc1+
29.Be1 Qf4+ 30.Bf2 Qc1+ 31.Kg2 Qg5+ 32.Kh1 Qf4 33.Bf3 e5 34.Qd1 e4 35.Qg1+ Kf7
36.dxe4 fxe4 37.Bg2 Nh5 38.Be1 Ke6 39.Qf2 Qc1 40.h4 e3 41.Bh3+ Ke7 42.Qg1 Qxc4
43.Qg4 Nf6 44.Qg7+ Qf7 45.Qxf7+ Kxf7 46.Bf5 Nd5 47.Bd3 Nb6 48.Kg2 c4 49.Bc2 Ke6
50.Kf3 Kd5 51.Bb4 Nd7 52.Be4+ Ke5 53.Bc2 Kd5 54.h5 Ne5+ 55.Kf4 d3 56.Kxe3 Ng4+
57.Kd2 dxc2 58.Kxc2 Kd4 59.Kd2 Kd5 60.Bf8 Nf6 61.Bxh6 Nxh5 62.Be3 a6 63.Ba7 Ng3
64.e3 Nf5 65.Kc2 Nd6 66.a4 Ne4 67.Bd4 Kc6 68.Kb2 Nd6 69.Kc3 Kd5 70.Kb4 Nf5
71.Bb6 Nxe3 72.Bxe3 Kc6 73.Kxc4 Kb7 74.Kc5 Kc7 75.a5 Kb7  1/2-1/2

[Event "27th Faaker See Open"]
[Site "Latschach AUT"]
[Date "2011.08.13"]
[Round "1"]
[White "Gallob,J2"]
[Black "Malakhatko,V"]
[Result "0-1"]
[WhiteElo "1900"]
[BlackElo "2548"]

1.Nf3 d5 2.c4 c6 3.b3 Bg4 4.Bb2 Nf6 5.e3 e6 6.Be2 Be7 7.O-O O-O 8.d3 a5 9.a3 Nbd7
10.Nbd2 Bd6 11.d4 Qb8 12.h3 Bh5 13.cxd5 exd5 14.Nh4 Bxe2 15.Qxe2 Re8 16.Nf5 Bf8
17.Rac1 g6 18.Ng3 Bd6 19.Qf3 Bxg3 20.fxg3 Re7 21.g4 Qe8 22.Rce1 a4 23.b4 Ne4
24.Nxe4 Rxe4 25.Qg3 Nb6 26.Rf3 Nc4 27.Bc1 Qe7 28.Ref1 Rf8 29.h4 Qd7 30.Rf4 Rxf4
31.exf4 f5 32.g5 Qg7 33.Rd1 Re8 34.h5 gxh5 35.Qh3 Qg6 36.Kf2 Re4 37.Re1 Rxe1
38.Kxe1 Kg7 39.Qf3 Qe6+ 40.Kf2 Kg6 41.g3 Qe4 42.Qxe4 fxe4  0-1

[Event "ch-SLO w 2011"]
[Site "Ljubljana SLO"]
[Date "2011.08.13"]
[Round "8"]
[White "Novak,Ks"]
[Black "Rozic,V"]
[Result "1/2-1/2"]
[WhiteElo "2117"]
[BlackElo "2310"]

1.Nf3 d5 2.c4 e6 3.g3 Nf6 4.Bg2 dxc4 5.Qc2 a6 6.Ne5 Be7 7.a4 O-O 8.Qxc4 Nbd7
9.Nxd7 Nxd7 10.O-O c5 11.a5 Ne5 12.Qc3 f6 13.d3 Bd6 14.Be3 Qe7 15.Rc1 Nd7
16.Nd2 Rb8 17.Nc4 Bc7 18.Nb6 Bd6 19.Nxd7 Bxd7 20.Bxc5 Rfc8 21.Bxd6 Qxd6 22.Qd2 Bc6
23.Bh3 Rd8 24.Qe3 e5 25.Qc5 e4 26.Qxd6 Rxd6 27.dxe4 Rd2 28.Be6+ Kf8 29.Bd5 Rxe2
30.b4 Bxd5 31.exd5 Rd8 32.Rc7 Re7 33.Rc5 Re4 34.Rb1 Rd7 35.b5 Rd4 36.bxa6 bxa6
37.Rb6 R4xd5 38.Rxd5 Rxd5 39.Rxa6 Rd1+ 40.Kg2 Ra1 41.g4 Kf7 42.Ra7+ Kg6 43.Kg3 Ra3+
44.f3 Ra4 45.a6 Ra3 46.h4 h5 47.gxh5+ Kxh5 48.Ra8 Kg6 49.Kg4 Ra4+ 50.f4 f5+
51.Kf3 Ra3+ 52.Ke2 Kh5 53.Rh8+ Kg4 54.Rg8 Rxa6 55.Rxg7+ Kxf4 56.Rb7 Ra2+
57.Kf1 Rh2 58.Rb4+ Kg3 59.Rb3+ Kxh4 60.Ra3 Rb2 61.Rc3 f4 62.Ra3 Kg4 63.Rb3 Ra2
64.Rc3  1/2-1/2

[Event "6th Ptuj Open"]
[Site "Ptuj SLO"]
[Date "2011.08.13"]
[Round "2"]
[White "Maltar,A"]
[Black "Skuhala,Luka"]
[Result "1/2-1/2"]
[WhiteElo "2149"]
[BlackElo "1803"]

1.Nf3 d5 2.c4 Nf6 3.cxd5 Nxd5 4.e4 Nf6 5.Nc3 e6 6.d4 c6 7.Bd3 Be7 8.O-O O-O
9.Qc2 h6 10.Be3 Nbd7 11.Rad1 Qa5 12.Qe2 Qh5 13.h3 Rd8 14.e5 Nd5 15.Kh2 f5
16.exf6 Bd6+ 17.Kg1 N7xf6 18.Ne4 Bc7 19.Nxf6+ Nxf6 20.Qc2 Kf7 21.Ne5+ Bxe5
22.dxe5 Nd5 23.Rfe1 Bd7 24.Bc5 Be8 25.f4 Kg8 26.Qf2 Bg6 27.Be2 Qf5 28.Rf1 Qc2
29.Bg4 Qxf2+ 30.Rxf2 Re8 31.Be2 b6 32.Bd6 a6 33.Rc1 c5 34.g4 Bf7 35.Bc4 Ne3
36.Be2 Rec8 37.Bf3 Ra7 38.b4 c4 39.Re2 Nd5 40.Bxd5 exd5 41.e6 Be8 42.Be5 a5
43.a3 axb4 44.axb4 b5 45.f5 Ra3 46.h4 Rb3 47.g5 Bh5 48.Ree1 Re8 49.Bc3 Bg4
50.Re5 hxg5 51.hxg5 g6 52.Rxd5  1/2-1/2

[Event "Etapa Recife CBX"]
[Site "Recife BRA"]
[Date "2011.08.13"]
[Round "7"]
[White "Santiago,Y"]
[Black "Stamenkovic,Dr"]
[Result "1/2-1/2"]
[WhiteElo "2237"]
[BlackElo "2383"]

1.Nf3 d5 2.c4 c6 3.e3 Nf6 4.Nc3 e6 5.Qc2 Nbd7 6.b3 Bd6 7.Bb2 O-O 8.Rg1 e5
9.cxd5 Nxd5 10.Ne4 Bc7 11.g4 Re8 12.a3 N7f6 13.Nxf6+ Qxf6 14.Be2 Qe7 15.d3 Ba5+
16.b4 Bc7 17.Nd2 a5 18.bxa5 Qh4 19.Nf3 Bxa5+ 20.Kf1 Qh6 21.Qc4 Be6 22.Qc1 Qh3+
23.Rg2 Bxg4 24.Kg1 Qh5 25.Rg3 Bc7 26.h3 Bc8 27.Qf1  1/2-1/2

[Event "Botvinnik 100th Open"]
[Site "St Petersburg RUS"]
[Date "2011.08.13"]
[Round "2"]
[White "Orlov,O2"]
[Black "Kornyukov,A"]
[Result "0-1"]
[WhiteElo "2290"]
[BlackElo "2485"]

1.Nf3 d5 2.c4 d4 3.e3 Nc6 4.b4 dxe3 5.fxe3 Nxb4 6.Qa4+ Nc6 7.d4 e6 8.Bb2 Nf6
9.Nbd2 Bb4 10.Bd3 Ng4 11.h3 Nxe3 12.Kf2 Bxd2 13.Nxd2 Nxg2 14.d5 Nf4 15.Bxg7 Nxd3+
16.Ke2 Nf4+ 17.Kf3 Rg8 18.Rhg1 Nh5 19.Bc3 Rg6 20.Rxg6 hxg6 21.dxc6 Qd3+ 22.Kf2 b5
23.Qa5 e5 24.Rd1 Qg3+ 25.Kf1 Bxh3+ 26.Ke2 Nf4+  0-1

[Event "Botvinnik 100th Open"]
[Site "St Petersburg RUS"]
[Date "2011.08.13"]
[Round "2"]
[White "Iljin,T"]
[Black "Vunder,A"]
[Result "1/2-1/2"]
[WhiteElo "2504"]
[BlackElo "2308"]

1.Nf3 d5 2.c4 e6 3.g3 Nf6 4.Bg2 Be7 5.O-O O-O 6.b3 c5 7.Bb2 Nc6 8.cxd5 exd5
9.d4 Ne4 10.dxc5 Bxc5 11.Nc3 Nxc3 12.Bxc3 d4 13.Bb2 Re8 14.Rc1 Bb6 15.Rc4 Bg4
16.h3 Be6 17.Rc2 Qd7 18.Kh2 Rad8 19.Qa1 Bf5 20.Rd2 Ba5 21.Rdd1 Bc2 22.Rc1 Rxe2
23.Ng1 Rd2 24.Nf3 Re2 25.Ng1 Rd2 26.Nf3  1/2-1/2

[Event "CECLUB Div2 Gp2"]
[Site "Totana ESP"]
[Date "2011.08.13"]
[Round "5"]
[White "Martinez Martin,D"]
[Black "Fenollar Jorda,M"]
[Result "1-0"]
[WhiteElo "2388"]
[BlackElo "2358"]

1.Nf3 d5 2.c4 c6 3.e3 Nf6 4.Nc3 e6 5.b3 Bd6 6.Bb2 Nbd7 7.Qc2 Qe7 8.Be2 O-O
9.Rg1 Ba3 10.Bxa3 Qxa3 11.g4 Rd8 12.g5 Ne8 13.h4 a6 14.h5 b5 15.Bd3 Nf8 16.Ne5 Bb7
17.Ne2 Qd6 18.f4 bxc4 19.bxc4 dxc4 20.Bxc4 Nd7 21.Nxf7 Kxf7 22.Qxh7 Nf8 23.g6+ Ke7
24.Qg8 Kd7 25.h6 Qe7 26.h7 Nf6 27.h8=Q Nxg8 28.Qxg8 c5 29.Qf7 Be4 30.Nc3 Bxg6
31.Bxe6+ Nxe6 32.Qxe7+ Kxe7 33.Rxg6 Kf7 34.f5 Nf8 35.Rc6 Nd7 36.Rb1 Ne5 37.Rb7+ Kf8
38.Rcc7 Rab8 39.Rxb8 Rxb8 40.Ke2 c4 41.Rc5 Re8 42.Ra5 g6 43.Rxa6 g5 44.a4 g4
45.a5 Rd8 46.Rf6+ Kg7 47.Re6 Nd7 48.Rg6+ Kf7 49.Rxg4 Ne5 50.Rd4 Rh8 51.Ne4 Rh1
52.Nd6+ Kf6 53.Nxc4  1-0

[Event "10th Lichtenberger Sommer"]
[Site "Berlin GER"]
[Date "2011.08.14"]
[Round "2.60"]
[White "Theilig,Reinhard"]
[Black "Oppermann,P"]
[Result "1/2-1/2"]
[WhiteElo "1701"]
[BlackElo "2000"]

1.Nf3 d5 2.c4 e6 3.g3 Nf6 4.Bg2 c5 5.O-O d4 6.d3 Bd6 7.b3 O-O 8.Re1 Nc6 9.e3 e5
10.exd4 exd4 11.Bg5 h6 12.Bd2 Bg4 13.Qc1 Kh7 14.Na3 a6 15.Bf4 Qc7 16.Bxd6 Qxd6
17.Nd2 Rae8 18.Ne4 Nxe4 19.Bxe4+ g6 20.Nc2 Bc8 21.h4 f5 22.Bxc6 Qxc6 23.Qf4 b6
24.f3 Bd7 25.Kf2 Rf7 26.Rxe8 Bxe8 27.Re1 Bd7 28.Qe5 Bc8 29.Qe8 Qd7 30.Qxd7  1/2-1/2

[Event "10th Lichtenberger Sommer"]
[Site "Berlin GER"]
[Date "2011.08.14"]
[Round "3.48"]
[White "Witte,R"]
[Black "Schilly,H"]
[Result "1-0"]
[WhiteElo "2063"]
[BlackElo "1835"]

1.Nf3 d5 2.c4 c6 3.d4 e6 4.e3 Nf6 5.Nbd2 Be7 6.Bd3 O-O 7.O-O Qc7 8.b3 a6
9.Bb2 Rd8 10.Rc1 Nbd7 11.Qe2 Nf8 12.Ne5 Ng6 13.f4 Qa5 14.a3 Bd7 15.b4 Qb6
16.c5 Qc7 17.g4 Ne8 18.Ndf3 Nh8 19.Nxd7 Qxd7 20.Ne5 Qc7 21.g5 g6 22.Rf3 f6
23.gxf6 Nxf6 24.Rh3 Nf7 25.Bc3 Kg7 26.Kh1 Nh6 27.Rg1 Nf5 28.Be1 Rh8 29.Qg2 Rag8
30.Bxf5 exf5 31.Nxg6 Kf7 32.Nxh8+  1-0

[Event "50th World Juniors"]
[Site "Chennai IND"]
[Date "2011.08.14"]
[Round "12.30"]
[White "Pradeep,KR"]
[Black "Firat,B"]
[Result "1-0"]
[WhiteElo "2245"]
[BlackElo "2373"]

1.Nf3 d5 2.c4 c6 3.Qc2 Nf6 4.g3 Bg4 5.Bg2 Nbd7 6.d4 e6 7.O-O Be7 8.Nc3 O-O
9.Rd1 dxc4 10.Ne5 Nxe5 11.dxe5 Nd7 12.Rd4 Qc7 13.Rxg4 Nxe5 14.Bf4 Bc5 15.Bxe5 Qxe5
16.Rxc4 Rac8 17.Qe4  1-0

[Event "CECLUB Div2 Gp1"]
[Site "Padron ESP"]
[Date "2011.08.14"]
[Round "6"]
[White "Fernandez Borrego,P"]
[Black "Fidalgo Fernandez,J"]
[Result "0-1"]
[WhiteElo "2302"]
[BlackElo "2343"]

1.Nf3 d5 2.c4 c6 3.b3 Bf5 4.e3 e6 5.Be2 Nd7 6.Bb2 h6 7.O-O Ngf6 8.d3 Be7
9.Nbd2 Nc5 10.Ne5 a5 11.cxd5 exd5 12.Rc1 O-O 13.Ndf3 Re8 14.Nd4 Bh7 15.Ndxc6 bxc6
16.Nxc6 Qb6 17.Nxe7+ Rxe7 18.Bxf6 gxf6 19.d4 Ne4 20.Bd3 Bg6 21.h4 h5 22.Be2 Rc7
23.Rxc7 Qxc7 24.Bxh5 Kg7 25.Bxg6 fxg6 26.Qc1 Rc8 27.Qa3 Kh6 28.b4 axb4 29.Qxb4 Rb8
30.Qa3 Qc2 31.Qa7 Rb1 32.Rxb1 Qxb1+ 33.Kh2 Nxf2 34.Kg3 Ne4+ 35.Kh2 Nf2 36.Kg3 Qe1
37.Qa3 Ne4+ 38.Kh2 Qxh4+ 39.Kg1 Qf2+ 40.Kh2 Qg3+ 41.Kh1 Nf2+ 42.Kg1 Ng4 43.Qc1 Qh2+  0-1

[Event "6th Ptuj Open"]
[Site "Ptuj SLO"]
[Date "2011.08.14"]
[Round "4"]
[White "Maltar,A"]
[Black "Laposi,Andrej"]
[Result "1-0"]
[WhiteElo "2149"]
[BlackElo "1774"]

1.Nf3 d5 2.c4 c6 3.d4 Nf6 4.Nc3 dxc4 5.a4 Bf5 6.e3 e6 7.Bxc4 Bd6 8.O-O Nbd7
9.a5 O-O 10.Re1 e5 11.e4 Bg4 12.d5 cxd5 13.Bxd5 Nxd5 14.Qxd5 Bxf3 15.Qxd6 Bg4
16.Be3 Qf6 17.Qxf6 Nxf6 18.f3 Be6 19.Nb5 a6 20.Nc7 Rac8 21.Nxe6 fxe6 22.Rac1 Kf7
23.Kf2 Nd7 24.Red1 Ke7 25.Bg5+ Nf6 26.Ke2 h6 27.Bd2 Kf7 28.Bb4 Rfd8 29.Bc3 Nd7
30.Rd6 Rc6 31.Rd2 Ke8 32.Rcd1 Rcc8 33.Rd6 Nf8 34.Rxd8+ Rxd8 35.Rxd8+ Kxd8
36.Bxe5 g6 37.Bg7 Nd7 38.Bxh6 Nc5 39.b4 Nb3 40.Kd3  1-0

[Event "Stare Mesto FIDE Open"]
[Site "Stare Mesto CZE"]
[Date "2011.08.14"]
[Round "4.17"]
[White "Pagerka,M"]
[Black "Svoboda,Ma"]
[Result "1-0"]
[WhiteElo "2223"]
[BlackElo "1974"]

1.Nf3 d5 2.c4 c6 3.b3 Nf6 4.Bb2 Bf5 5.d3 e6 6.e3 Nbd7 7.Be2 Bd6 8.O-O O-O
9.Nc3 Bg6 10.Nh4 Re8 11.f4 Qc7 12.g3 Rad8 13.Ng2 h6 14.Kh1 Bf8 15.Qc2 Nc5
16.Rad1 Rd7 17.cxd5 cxd5 18.b4 Na6 19.a3 d4 20.exd4 Nd5 21.Qd2 Nxc3 22.Bxc3 b5
23.Bf3 Qb6 24.Ne3 Nc7 25.Qg2 Rc8 26.Rfe1 Ne8 27.Qd2 Nf6 28.Rc1 a6 29.Rc2 Be7
30.Rec1 Rcd8 31.Ba1 Qa7 32.Bb2 Kh7 33.d5 Nxd5 34.Nxd5 exd5 35.Be5 Bd6 36.Bxd6 Rxd6
37.Rc5 Kg8 38.Re1 f6 39.Bg4 Qf7 40.Qe2 Kh8 41.f5 Bh7 42.Bh5 Qd7 43.Bg6 Bxg6
44.fxg6 Rc6 45.Rxc6 Qxc6 46.Qe7 d4+ 47.Kg1 Rc8 48.Qf7 Rg8 49.Re7 Qc1+ 50.Kg2 Qc2+
51.Kh3 Qc8+ 52.Kh4 h5 53.h3 Qc6 54.Rc7  1-0

[Event "CECLUB Div2 Gp2"]
[Site "Totana ESP"]
[Date "2011.08.14"]
[Round "6"]
[White "Milchev,N"]
[Black "Almagro Llamas,P"]
[Result "1/2-1/2"]
[WhiteElo "2389"]
[BlackElo "2463"]

1.Nf3 d5 2.c4 d4 3.g3 Nc6 4.Bg2 e5 5.d3 Bb4+ 6.Nfd2 a5 7.O-O Nf6 8.Na3 O-O
9.Nc2 Bd6 10.b3 Bf5 11.a3 Qd7 12.Rb1 Bh3 13.b4 Bxg2 14.Kxg2 axb4 15.axb4 b5
16.cxb5 Na7 17.e4 dxe3 18.Nxe3 Nxb5 19.Qc2 Nd4 20.Qc4 Rfb8 21.Ne4 Ne8 22.Bd2 h6
23.Bc3 Nc6 24.Bb2 Ra4 25.Nc2 Kh8 26.f4 exf4 27.Rf3 f6 28.Nxd6 Nxd6 29.Qxf4 Ra2
30.Kg1 Nb5 31.Bxf6 Rxc2 32.Re1 Re8 33.Bxg7+ Kxg7 34.Qf6+ Kh7 35.Rxe8 Qxe8
36.Qf5+ Kg7 37.Qf6+ Kh7 38.Qf5+ Kg7 39.Qf6+  1/2-1/2